Fínsko prevzalo predsedníctvo Európskej únie

Stručná ekonomicko-hospodárska charakteristika Fínska. Problémy fínskeho hospodárstva. Fínsko ako predsedajúca krajina EÚ.

Salvato in:
Dettagli Bibliografici
Autore principale: Stahlová, Jarmila
Natura: Capitolo di libro
Lingua:slovacco
Soggetti:
Tags: Aggiungi Tag
Nessun Tag, puoi essere il primo ad aggiungerne!!

MARC

LEADER 00000naa a2200000 4500
001 r035946
005 20230919123438.9
041 0 |a slo 
044 |a SK 
245 1 0 |a Fínsko prevzalo predsedníctvo Európskej únie  |c Jarmila Stahlová 
520 |a Stručná ekonomicko-hospodárska charakteristika Fínska. Problémy fínskeho hospodárstva. Fínsko ako predsedajúca krajina EÚ. 
610 2 0 |a situácia hospodárska 
610 2 0 |a ukazovatele makroekonomické 
610 2 0 |a Európska únia 
610 2 0 |a reformy 
610 2 0 |a Fínsko 
100 1 |a Stahlová, Jarmila